| 000 | 00000nam 2200000za 4500 |
| 001 | 9.558992 |
| 003 | CaOODSP |
| 005 | 20240527135425 |
| 007 | cr ||||||||||| |
| 008 | 150406s2004||||xxc|||||o f|0| 0 eng d |
| 020 | |a0-662-37373-1 |
| 040 | |aCaOODSP|beng |
| 043 | |an-cn--- |
| 086 | 1 |aCW69-14/400-2004E-PDF |
| 110 | 2 |aCanadian Wildlife Service. |
| 245 | 10|aCOSEWIC assessment and status report on the pink-footed shearwater, Puffinus creatopus, in Canada |h[electronic resource] / |cCommittee on the Status of Endangered Wildlife in Canada. |
| 260 | |aOttawa - Ontario : |bEnvironment Canada. |c2004. |
| 300 | |a29p.|bcoloured illus., coloured map, references |
| 500 | |a"Threatened, 2004". |
| 500 | |aAlso available in French under title: Ếvaluation et rapport de situation du COSEPAC sur le puffin à pieds roses (Puffinus creatopus) au Canada. |
| 590 | |a07-03-Supp|b2007-04-05 |
| 690 | 07|aEndangered species|2gcpds |
| 690 | 07|aBirds|2gcpds |
| 775 | 08|tÉvaluation et rapport de situation du COSEPAC sur le puffin à pieds roses, Puffinus creatopus au Canada |w(CaOODSP)9.591808 |
| 794 | |tCOSEWIC assessment and status report on the Pink-footed Shearwater, Ardenna creatopus, in Canada |w(CaOODSP)9.832863 |
| 856 | 40|ahttp://publications.gc.ca|qPDF|s773 KB|uhttps://publications.gc.ca/collections/Collection/CW69-14-400-2004E.pdf |